| 000 | 00829nam a22002297a 4500 | ||
|---|---|---|---|
| 999 |
_c20418 _d20418 |
||
| 003 | AR-CdUCM | ||
| 008 | 190530b ||||| |||| 00| 0 spa d | ||
| 040 |
_aMUNICIPALIDAD PROVINCIAL DEL CUSCO _cBIBLIOTECA MUNICIPAL DEL CUSCO |
||
| 082 |
_a624.171 / _bT92 |
||
| 100 |
_aTuma Ph. D, Jan J. _942685 |
||
| 245 | _aTeoría y problemas de análisis estructural avanzado / | ||
| 260 |
_aMéxico : _bLibros McGraw-Hill, _c1974. |
||
| 300 |
_a277 páginas ; _bGraficos _c27 cm. |
||
| 440 |
_aSerie de compendios Schaum _925122 |
||
| 505 | _aContenido : Principios de análisis -- Campo de aplicación -- Funciones y constantes -- Vector de deformación... | ||
| 650 |
_aVectores _919475 |
||
| 650 |
_aMatrices _940714 |
||
| 650 |
_aPrácticas _911405 |
||
| 700 |
_aMunshi Ph. D, R.K. _942686 |
||
| 942 |
_2ddc _cLIBROS |
||
| 945 | _arcc | ||